| 000 | 00000nas 2200000za 4500 |
| 001 | 9.506066 |
| 003 | CaOODSP |
| 005 | 20210705115226 |
| 007 | cr ||||||||||| |
| 008 | 150406d20022009xxc|| p o||||f| |0eng|d |
| 022 | |a1922-7604 |
| 040 | |aCaOODSP|beng |
| 043 | |an-cn--- |
| 086 | 1 |aH115-4E-PDF |
| 110 | 1 |aCanada. |bCanadian Institute for Health Information. |
| 245 | 10|aNational Trauma Registry. Major injury in Canada : |h[electronic resource]|breport |
| 246 | 13|aMajor injury in Canada |
| 260 | |aOttawa - Ontario : |bCanadian Institute for Health Information |
| 310 | |aAnnual |
| 362 | 1 |a200- (includes ... data) -- |
| 520 | 3 |aProvides data available from the registry's Comprehensive Data Set and includes data on patients hospitalized with major trauma. |
| 690 | 07|aInjuries|2gcpds |
| 775 | 08|tRegistre national des traumatismes. Traumatismes graves au Canada : |w(CaOODSP)9.502468 |
| 776 | 0#|tMajor injury in Canada report |w(CaOODSP)9.515709 |